[Event "NED-ch U16"]
[Site "Almelo"]
[Date "2022.05.06"]
[Round "6"]
[White "Aarts, Joaquin"]
[Black "Alvares, Thomas"]
[Result "1/2-1/2"]
[WhiteElo "1631"]
[BlackElo "1789"]
[PlyCount "122"]
[EventDate "2022.05.01"]
[EventType "swiss"]
[EventRounds "9"]
[EventCountry "NED"]
[SourceTitle "EXT 2023"]
[Source "ChessBase"]
[SourceDate "2022.10.05"]
[SourceVersion "1"]
[SourceVersionDate "2022.10.05"]
[SourceQuality "1"]

1. d4 Nf6 2. Bf4 d5 3. e3 c5 4. c3 Nc6 5. Nf3 Qb6 6. Qb3 c4 7. Qc2 Bf5 8. Qc1 Nh5 9. Bg3 Nxg3 10. hxg3 g6 11. Nbd2 h5 12. Nh4 Bd7 13. e4 e6 14. e5 Bh6 15. Be2 Qa5 16. Nhf3 b5 17. a3 Qb6 18. Ng1 a5 19. f4 Rb8 20. Nh3 b4 21. axb4 axb4 22. 0-0 Ne7 23. Kh2 Nf5 24. Nf3 Ke7 25. Bd1 Ra8 26. Re1 Bc6 27. Bc2 Rxa1 28. Qxa1 Ra8 29. Qc1 bxc3 30. bxc3 Ra2 31. Bb1 Ra1 32. Qc2 Ba4 33. Qc1 Bf8 34. Rf1 Ke8 35. Nd2 Ba3 36. Qe1 Bc2 37. Qf2 Rxb1 38. Nxb1 Bxb1 39. Qd2 Kf8 40. Ng5 Bd3 41. Qa2 Bxf1 42. Qxa3+ Kg7 43. Kh3 Be2 44. Qa4 Qb1 45. Kh2 Nh6 46. Nxe6+ fxe6 47. Qd7+ Nf7 48. Qxe6 Qf5 49. Qxd5 h4 50. gxh4 Qxf4+ 51. Kg1 Bd3 52. e6 Be4 53. Qd7 Qe3+ 54. Kh2 Qf2 55. Qxf7+ Qxf7 56. exf7 Kxf7 57. g4 Ke6 58. Kg3 Kf6 59. Kf4 Bd5 60. Ke3 Bf7 61. Kf4 Bd5 1/2-1/2

[Event "NED-ch U16"]
[Site "Almelo"]
[Date "2021.08.03"]
[Round "3"]
[White "Goudriaan, Rafael"]
[Black "Aarts, Joaquin"]
[Result "1/2-1/2"]
[WhiteElo "1677"]
[BlackElo "1736"]
[PlyCount "107"]
[EventDate "2021.08.01"]
[EventType "swiss"]
[EventRounds "7"]
[EventCountry "NED"]
[SourceTitle "EXT 2022"]
[Source "ChessBase"]
[SourceDate "2021.10.06"]
[SourceVersion "1"]
[SourceVersionDate "2021.10.06"]
[SourceQuality "1"]

1. e4 c5 2. Nc3 a6 3. f4 b5 4. Nf3 Bb7 5. d3 e6 6. Be2 d5 7. f5 b4 8. fxe6 bxc3 9. exf7+ Kxf7 10. Ng5+ Ke8 11. Bh5+ g6 12. Qf3 Qf6 13. 0-0 Qxf3 14. Bxf3 dxe4 15. Nxe4 Ra7 16. bxc3 Bxe4 17. Bxe4 Bd6 18. Rb1 Ne7 19. Rf6 Kd7 20. Ba3 Be5 21. Rf7 Ke6 22. Bxc5 Rc7 23. Rxe7+ Rxe7 24. Bxe7 Kxe7 25. d4 Bc7 26. Rb7 Rc8 27. c4 Kf6 28. c5 Re8 29. Rxc7 Rxe4 30. Rc8 Nd7 31. c6 Nb6 32. Rb8 Nd5 33. c4 Nc7 34. d5 Rxc4 35. d6 Rxc6 36. dxc7 Rxc7 37. Rb6+ Ke5 38. Rxa6 Kd5 39. Kf2 Kc4 40. a4 Kb4 41. Kg3 Rc3+ 42. Kh4 Rc2 43. Kh3 Rc5 44. g3 Rc7 45. Kh4 Rd7 46. g4 Rc7 47. Kg5 Rc2 48. h4 Rc5+ 49. Kh6 Rc4 50. Kg5 Rc5+ 51. Kf4 Rc4+ 52. Kf3 Rc3+ 53. Kf4 Rc4+ 54. Ke3 1/2-1/2